guess the lyrics - twenty one pilots #4 - Statistics

General Stats
  • This quiz has been taken 86 times
  • The average score is 13 of 20
Answer Stats
lyric(s) song title % Correct
This beat is a chemical Chlorine
96%
You'll never know the psychopath sitting next to you Heathens
94%
"What's your ETA?" "Two Minutes! Chill out man, we're right on time." Midwest Indigo
90%
Thank God it's Friday 'cause Fridays will always be better than Sundays 'cause Sundays are my suicide days Migraine
90%
Get out of our way, we're movin' sideways Mulberry Street
83%
You were one of those classic ones Legend
81%
It's the few, the proud, and the emotional Fairly Local
80%
My, oh my Navigating
77%
Sounding down the mountain range of my left-side brain Holding on to You
74%
For you, I'd go step to a dude much bigger than me Smithereens
74%
She just wants to catch a wave The Craving
61%
I'm so afraid of what you have to say Fake You Out
52%
A stranger's back is all I see, he's only a few feet in front of me March to the Sea
52%
Rain down and destroy me Implicit Demand for Proof
48%
The burning is so low it's concerning Leave the City
46%
Cause I'm not sure I want to give you tools that can destroy my heart Air Catcher
39%
I'm in your mind, I'm singin' Before You Start Your Day
39%
We all are stranger creatures than when we all started out as kids Glowing Eyes
39%
I'm the son of all I've done Clear
38%
Be gone, you see rain Two
23%
No matching quizzes found
Score Distribution
Percent of People with Each Score
Percentile by Number Answered
Your Score History
You have not taken this quiz